000 00575nam a2200169 4500
001 111837
003 ES-MaACL
007 t|
008 061121s1969 sp r ||||1| spa d
100 1 _aNevin, Edward.
_985473
245 1 0 _aFondos de capital en los países subdesarrollados
_b: la misión de las instituciones financieras /
_cEdward Nevin; traducción de Andrés M. Mateo.
250 _a1ª ed.
260 _aMéxico :
_bFondo de Cultura Económica,
_c1969.
300 _a152 p. ;
_c21 cm.
700 1 _aMateo, Andrés M.
_978937
852 _aES-MaACL
_jE-6841
_bR.91364
999 _c111837
_d111837